Datum a čas kvízu
22
Celkem bodů
Celkový počet nahraných bodů na tomto kvízu bez doplňovacích otázek.
3.
Pořadí na kvízu
Konečné umístění týmu na tomto kvízu.
Zaznamenané odpovědi
| # | Otázka | Odpověď | Body | Výsledky |
|---|---|---|---|---|
| 1. | Policie Zlínského kraje vydala... | medvěd | 1 | |
| 2. | Švýcarský výrobce nožů Victori... | nebude obsahovat nožík/čepel | 0 | |
| 3. | Pod kterým pseudonymem působí... | Nemo | 1 | |
| 4. | Někteří obyvatelé Německa, pře... | kebab | 1 | |
| 5. | Po dvanáctidenní plavbě dovezl... | Marseille | 0 | |
| 6. | Podíváme se do zemí či krajů,... | Genovia, Anne Hathaway | 0 | |
| 7. | Jak se nazývá chudé království... | A) Monte Albo | 0 | |
| 8. | Brobdingnag, Laputa, Balnibarb... | Gulliverovy cesty | 1 | |
| 9. | Přiřaďte tyto postavy z knižní... | 1B 2A 3C 4D | 0 | |
| 10. | Děj které humoristické novely... | Rozmarné léto | 1 |